[Event "Paulista-chT"]
[Site "Sao Paulo"]
[Date "2018.02.24"]
[Round "5.2"]
[White "De Sousa, Matheus Mazim"]
[Black "Dos Reis, Leandro Aparecido C"]
[Result "0-1"]
[WhiteElo "2126"]
[BlackElo "1992"]
[PlyCount "55"]
[EventDate "2018.02.17"]
[EventType "team-tourn"]
[EventRounds "7"]
[EventCountry "BRA"]
[SourceTitle "CBM 183 Extra"]
[Source "ChessBase"]
[SourceDate "2018.04.19"]
[SourceVersion "1"]
[SourceVersionDate "2018.04.19"]
[SourceQuality "1"]
[WhiteTeam "Xadrez Total"]
[BlackTeam "Caetano CDRSJ"]
[WhiteTeamCountry "BRA"]
[BlackTeamCountry "BRA"]

1. d4 Nf6 2. Nc3 d5 3. Bg5 h6 4. Bh4 e6 5. Qd2 Bb4 6. f3 c5 7. e3 Nc6 8. Nge2 0-0 9. a3 Qa5 10. Bxf6 gxf6 11. 0-0-0 Bxa3 12. bxa3 Qxa3+ 13. Kb1 Na5 14. Nb5 Qa4 15. Nec3 Qb4+ 16. Ka2 a6 17. Na3 Nc6 18. Ncb1 Qa4 19. dxc5 b5 20. cxb6 Rb8 21. c3 Rxb6 22. Qc2 Qa5 23. Nd2 e5 24. e4 Be6 25. Nb3 d4 26. c4 Nb4+ 27. Kb2 Nxc2 28. Nxc2 0-1

[Event "Sao Paulo op-A 3rd"]
[Site "Sao Paulo"]
[Date "2015.09.18"]
[Round "2"]
[White "De Sousa, Matheus Mazim"]
[Black "Cunha, Lucas Aguiar"]
[Result "0-1"]
[WhiteElo "2075"]
[BlackElo "2278"]
[PlyCount "72"]
[EventDate "2015.09.17"]
[EventType "swiss"]
[EventRounds "6"]
[EventCountry "BRA"]
[SourceTitle "EXT 2016"]
[Source "ChessBase"]
[SourceDate "2015.10.08"]
[SourceVersion "1"]
[SourceVersionDate "2015.10.08"]
[SourceQuality "1"]

1. d4 Nf6 2. Nc3 d5 3. Bf4 Bf5 4. Nf3 e6 5. Nh4 Nbd7 6. Nxf5 exf5 7. Qd3 Bb4 8. Qxf5 Ne4 9. a3 Bxc3+ 10. bxc3 c6 11. f3 Qa5 12. Bd2 Nxd2 13. Kxd2 g6 14. Qg5 Nb6 15. e4 Na4 16. Qe3 dxe4 17. fxe4 0-0-0 18. Bc4 b5 19. Bb3 Nxc3 20. Kc1 Rxd4 21. Kb2 Na4+ 22. Bxa4 Qxa4 23. Rad1 Rhd8 24. Rd3 Rxd3 25. cxd3 b4 26. axb4 Qxb4+ 27. Kc2 Qa4+ 28. Kc3 Qa3+ 29. Kc2 c5 30. Qh3+ Rd7 31. Rb1 Qa4+ 32. Rb3 f5 33. exf5 Rxd3 34. Qxd3 c4 35. Qd2 cxb3+ 36. Kd1 b2+ 0-1

[Event "BRA-ch Amateur"]
[Site "Sao Paulo"]
[Date "2014.03.03"]
[Round "6"]
[White "Nery Junior, Jose Antonio"]
[Black "De Sousa, Matheus Mazim"]
[Result "1/2-1/2"]
[WhiteElo "2071"]
[BlackElo "2064"]
[PlyCount "117"]
[EventDate "2014.03.01"]
[EventType "swiss"]
[EventRounds "7"]
[EventCountry "BRA"]
[SourceTitle "EXT 2016"]
[Source "ChessBase"]
[SourceDate "2015.10.08"]
[SourceVersion "1"]
[SourceVersionDate "2015.10.08"]
[SourceQuality "1"]

1. e4 c5 2. Nc3 Nc6 3. g3 g6 4. Bg2 Bg7 5. d3 e6 6. Be3 d6 7. Nge2 Nge7 8. 0-0 0-0 9. Qd2 Nd4 10. Nd1 Nxe2+ 11. Qxe2 Rb8 12. Qd2 b6 13. Bh6 Nc6 14. Bxg7 Kxg7 15. f4 e5 16. Ne3 Bb7 17. f5 f6 18. fxg6 hxg6 19. Rf2 Qd7 20. Raf1 Ne7 21. h3 d5 22. Ng4 Ng8 23. Qe2 dxe4 24. Bxe4 Bxe4 25. dxe4 Rbd8 26. Qa6 Qc7 27. c3 c4 28. Ne3 Rd3 29. Nd5 Qc8 30. Qxc8 Rxc8 31. Nxf6 Rxg3+ 32. Kh2 Nxf6 33. Rxf6 Re3 34. Rf7+ Kh6 35. Rxa7 Rd8 36. Rf2 Rxe4 37. Rb7 Rd6 38. Rc7 Re6 39. Rd7 Re1 40. Kg2 Kg5 41. Rd8 Re4 42. Rd7 Rf4 43. Re2 e4 44. Rd5+ Rf5 45. Rd4 Kf4 46. Rxc4 Rg5+ 47. Kf2 Rh5 48. Re3 Rb5 49. b3 Rd5 50. Ke2 Rg5 51. Rf3+ Ke5 52. Re3 Kf4 53. Rf3+ Ke5 54. Re3 Kf5 55. Kf2 Kf4 56. Rf3+ Ke5 57. Re3 Kf4 58. Rf3+ Ke5 59. Re3 1/2-1/2

[Event "Sao Bernardo do Campo LXSBC fin-B 5th"]
[Site "Sao Bernardo do Campo"]
[Date "2014.01.19"]
[Round "3"]
[White "De Sousa, Matheus Mazim"]
[Black "Goncalves, Leonardo Yamamoto"]
[Result "1-0"]
[WhiteElo "2042"]
[BlackElo "1935"]
[PlyCount "41"]
[EventDate "2014.01.18"]
[EventType "tourn"]
[EventRounds "9"]
[EventCountry "BRA"]
[SourceTitle "CBM 158 Extra"]
[Source "ChessBase"]
[SourceDate "2014.02.28"]
[SourceVersion "1"]
[SourceVersionDate "2014.02.28"]
[SourceQuality "1"]

1. d4 d6 2. c4 Nd7 3. Nc3 e5 4. d5 Ngf6 5. e4 Be7 6. f3 c6 7. Be3 h6 8. Qd2 Qa5 9. Nge2 cxd5 10. cxd5 Nc5 11. Rb1 Qd8 12. Ng3 Nh7 13. Bb5+ Bd7 14. Bxc5 dxc5 15. d6 Bg5 16. Qd5 0-0 17. Bxd7 Qxd7 18. Qxe5 Rac8 19. Nf5 Bf6 20. Qg3 Kh8 21. Nd5 1-0

[Event "Sao Bernardo do Campo LXSBC fin-B 5th"]
[Site "Sao Bernardo do Campo"]
[Date "2014.01.19"]
[Round "4"]
[White "Dias, Joao Batista de Sou"]
[Black "De Sousa, Matheus Mazim"]
[Result "0-1"]
[WhiteElo "1973"]
[BlackElo "2042"]
[PlyCount "44"]
[EventDate "2014.01.18"]
[EventType "tourn"]
[EventRounds "9"]
[EventCountry "BRA"]
[SourceTitle "CBM 158 Extra"]
[Source "ChessBase"]
[SourceDate "2014.02.28"]
[SourceVersion "1"]
[SourceVersionDate "2014.02.28"]
[SourceQuality "1"]

1. e4 c5 2. f4 Nc6 3. Nf3 g6 4. c3 d5 5. exd5 Qxd5 6. Bb5 Bg7 7. 0-0 e6 8. Na3 Nge7 9. Nc2 0-0 10. Ne3 Qd6 11. Ng5 a6 12. Bxc6 Qxc6 13. b3 b5 14. Qg4 Bb7 15. Rf2 Rad8 16. Nxh7 Kxh7 17. Qh4+ Kg8 18. Qxe7 Rd3 19. Qh4 b4 20. Bb2 bxc3 21. Bxc3 Bxc3 22. dxc3 Rxe3 0-1

[Event "Sao Bernardo do Campo LXSBC fin-B 5th"]
[Site "Sao Bernardo do Campo"]
[Date "2014.01.18"]
[Round "1"]
[White "Saito, Vinicius Ikezu"]
[Black "De Sousa, Matheus Mazim"]
[Result "1/2-1/2"]
[WhiteElo "2073"]
[BlackElo "2042"]
[PlyCount "98"]
[EventDate "2014.01.18"]
[EventType "tourn"]
[EventRounds "9"]
[EventCountry "BRA"]
[SourceTitle "CBM 158 Extra"]
[Source "ChessBase"]
[SourceDate "2014.02.28"]
[SourceVersion "1"]
[SourceVersionDate "2014.02.28"]
[SourceQuality "1"]

1. d4 d5 2. c4 e6 3. Nc3 Nf6 4. Bf4 Be7 5. e3 0-0 6. cxd5 exd5 7. Qc2 c6 8. Bd3 Nbd7 9. Nge2 Re8 10. g4 Nf8 11. h3 b6 12. 0-0-0 Bb7 13. Ng3 Bd6 14. Bxd6 Qxd6 15. Nf5 Qe6 16. Rdg1 c5 17. Qd2 Ne4 18. Bxe4 dxe4 19. dxc5 bxc5 20. Qd6 Ng6 21. Rd1 Ne5 22. Qxe6 Rxe6 23. Nd6 Bc6 24. Ndxe4 Nxg4 25. hxg4 Bxe4 26. Nxe4 Rxe4 27. Rhg1 Rb8 28. Rd3 Kf8 29. f3 Rc4+ 30. Kb1 Rcb4 31. Rg2 Ke7 32. Rgd2 R8b7 33. Rc3 R4b5 34. b3 Rd7 35. Rxd7+ Kxd7 36. Kc2 Kc6 37. Rd3 Rb8 38. Kc3 h5 39. gxh5 Rh8 40. Rd2 Rxh5 41. Rg2 g6 42. f4 Rd5 43. Rh2 Rd1 44. Rh7 Rd7 45. Rh8 Re7 46. Kd3 Rd7+ 47. Kc4 Re7 48. Kd3 Rd7+ 49. Kc3 Re7 1/2-1/2

[Event "Foz do Iguacu op 1st"]
[Site "Foz do Iguacu"]
[Date "2013.12.14"]
[Round "5"]
[White "De Sousa, Matheus Mazim"]
[Black "Schutt, Ricardo de Amorim"]
[Result "1-0"]
[WhiteElo "2036"]
[BlackElo "2147"]
[PlyCount "65"]
[EventDate "2013.12.12"]
[EventType "swiss"]
[EventRounds "7"]
[EventCountry "BRA"]
[SourceTitle "CBM 158 Extra"]
[Source "ChessBase"]
[SourceDate "2014.02.28"]
[SourceVersion "1"]
[SourceVersionDate "2014.02.28"]
[SourceQuality "1"]

1. d4 e6 2. c4 b6 3. e4 Bb7 4. Nc3 Bb4 5. Bd3 f5 6. Qh5+ g6 7. Qe2 Nf6 8. Bg5 h6 9. Bxf6 Qxf6 10. Nf3 0-0 11. 0-0 Bxc3 12. bxc3 d6 13. e5 Qf7 14. Rfe1 Re8 15. exd6 cxd6 16. c5 bxc5 17. dxc5 e5 18. cxd6 e4 19. Bc4 Bd5 20. Bxd5 Qxd5 21. Rad1 Qf7 22. Qd2 Nd7 23. Nd4 Ne5 24. Qxh6 Rad8 25. Nb5 Re6 26. Qh4 Qd7 27. Re3 Nf7 28. Nd4 Rxd6 29. f3 g5 30. Qe1 Ne5 31. Rb1 Nc4 32. Re2 e3 33. h4 1-0

[Event "Mogi das Cruzes op 09"]
[Site "Mogi das Cruzes"]
[Date "2013.09.28"]
[Round "5"]
[White "Chagas, Humberto Luiz C"]
[Black "De Sousa, Matheus Mazim"]
[Result "0-1"]
[WhiteElo "1836"]
[BlackElo "1973"]
[PlyCount "72"]
[EventDate "2013.09.26"]
[EventType "swiss"]
[EventRounds "7"]
[EventCountry "BRA"]
[SourceTitle "CBM 156 Extra"]
[Source "ChessBase"]
[SourceDate "2013.10.22"]
[SourceVersion "1"]
[SourceVersionDate "2013.10.22"]
[SourceQuality "1"]

1. d4 d5 2. c4 e6 3. Nc3 Nf6 4. Bg5 Be7 5. Nf3 0-0 6. e3 h6 7. Bh4 Ne4 8. Bxe7 Qxe7 9. Bd3 Nxc3 10. bxc3 dxc4 11. Bxc4 c5 12. 0-0 Nc6 13. Bb5 cxd4 14. Bxc6 bxc6 15. cxd4 Ba6 16. Re1 c5 17. Qa4 Bb7 18. Red1 Bxf3 19. gxf3 Qg5+ 20. Kh1 Qh5 21. Qc6 Rac8 22. Qe4 cxd4 23. Rxd4 Rc5 24. Rd2 Re5 25. Qg4 Rg5 26. Qxh5 Rxh5 27. Rd7 Ra5 28. Kg2 Rb8 29. f4 Rb2 30. a4 Rb4 31. Rc1 g5 32. Rcc7 Rf5 33. Rxa7 gxf4 34. a5 fxe3 35. fxe3 Rg5+ 36. Kh3 h5 0-1

[Event "Mogi das Cruzes op 09"]
[Site "Mogi das Cruzes"]
[Date "2013.09.26"]
[Round "1"]
[White "De Sousa, Matheus Mazim"]
[Black "Mendonca, Mateus Nakajo"]
[Result "0-1"]
[WhiteElo "1973"]
[BlackElo "2338"]
[PlyCount "63"]
[EventDate "2013.09.26"]
[EventType "swiss"]
[EventRounds "7"]
[EventCountry "BRA"]
[SourceTitle "CBM 156 Extra"]
[Source "ChessBase"]
[SourceDate "2013.10.22"]
[SourceVersion "1"]
[SourceVersionDate "2013.10.22"]
[SourceQuality "1"]

1. d4 d5 2. c4 c6 3. Nc3 Nf6 4. Nf3 dxc4 5. a4 Bf5 6. e3 e6 7. Bxc4 Nbd7 8. 0-0 Bb4 9. Qe2 Ne4 10. Nxe4 Bxe4 11. Nd2 Bg6 12. e4 Nb6 13. Nb3 Nxc4 14. Qxc4 Bd6 15. e5 Be7 16. Be3 0-0 17. Nc5 b6 18. Nd3 Qd7 19. Nf4 Bf5 20. f3 h6 21. Rfd1 Rfd8 22. Rac1 Rac8 23. g4 Bh7 24. Kf2 Qb7 25. Kg3 Bf8 26. h4 b5 27. Qa2 bxa4 28. Qxa4 Qxb2 29. Qxa7 Ra8 30. Qc7 Rac8 31. Qa5 Bb4 32. Qb6 0-1